[Event "VIE-ch U11"]
[Site "Ho Chi Minh City"]
[Date "2022.07.12"]
[Round "3"]
[White "Chu, Phan Dang Khoa"]
[Black "Nguyen, Ngoc Tung Anh"]
[Result "1/2-1/2"]
[WhiteElo "2365"]
[BlackElo "2354"]
[PlyCount "48"]
[EventDate "2022.07.11"]
[EventType "swiss"]
[EventRounds "9"]
[EventCountry "VIE"]
[SourceTitle "EXT 2023"]
[Source "ChessBase"]
[SourceDate "2022.10.05"]
[SourceVersion "1"]
[SourceVersionDate "2022.10.05"]
[SourceQuality "1"]

1. e4 c5 2. Nf3 Nc6 3. d4 cxd4 4. Nxd4 d6 5. Nc3 Nf6 6. Be3 g6 7. f3 Bg7 8. Qd2 0-0 9. g4 Ne5 10. Be2 a6 11. 0-0-0 Qa5 12. Nb3 Qc7 13. Bh6 Be6 14. Bxg7 Kxg7 15. h4 h5 16. g5 Nfd7 17. Rdf1 Bxb3 18. axb3 Nc5 19. f4 Nc6 20. f5 b5 21. Qe3 Ne5 22. f6+ exf6 23. gxf6+ Kh7 24. Qg5 Ne6 1/2-1/2

[Event "VIE-ch U11"]
[Site "Hanoi"]
[Date "2022.06.13"]
[Round "4"]
[White "Chu, Phan Dang Khoa"]
[Black "Lai, Nguyen Manh Dung"]
[Result "1/2-1/2"]
[WhiteElo "2390"]
[BlackElo "2396"]
[PlyCount "65"]
[EventDate "2022.06.11"]
[EventType "swiss"]
[EventRounds "7"]
[EventCountry "VIE"]
[SourceTitle "EXT 2023"]
[Source "ChessBase"]
[SourceDate "2022.10.05"]
[SourceVersion "1"]
[SourceVersionDate "2022.10.05"]
[SourceQuality "1"]

1. d4 e6 2. c4 d5 3. Nc3 Nf6 4. Nf3 c6 5. Bf4 Qa5 6. e3 Bb4 7. Qc2 Ne4 8. Rc1 Qxa2 9. Bd3 Nxc3 10. bxc3 Qxc2 11. Rxc2 Be7 12. 0-0 0-0 13. Ra2 dxc4 14. Bxc4 b5 15. Bd3 Nd7 16. Rfa1 a6 17. c4 Bb7 18. Nd2 Nb6 19. Bc7 Nd7 20. Nb3 Rfc8 21. Bg3 Bb4 22. Na5 Bxa5 23. Rxa5 Nb6 24. Rc1 h6 25. h3 f6 26. Be2 Kf7 27. Bd6 Ke8 28. Bc5 Nd7 29. Bd6 Kf7 30. Bf3 Nb6 31. Be2 Na4 32. Bf3 Nb2 33. Be2 1/2-1/2

[Event "VIE-ch U11"]
[Site "Hanoi"]
[Date "2022.06.11"]
[Round "1"]
[White "Chu, Phan Dang Khoa"]
[Black "Nguyen, Xuan An"]
[Result "0-1"]
[WhiteElo "2390"]
[BlackElo "2399"]
[PlyCount "108"]
[EventDate "2022.06.11"]
[EventType "swiss"]
[EventRounds "7"]
[EventCountry "VIE"]
[SourceTitle "EXT 2023"]
[Source "ChessBase"]
[SourceDate "2022.10.05"]
[SourceVersion "1"]
[SourceVersionDate "2022.10.05"]
[SourceQuality "1"]

1. d4 d5 2. c4 e5 3. dxe5 d4 4. Nf3 Nc6 5. Bg5 Bb4+ 6. Nbd2 Nge7 7. a3 Bxd2+ 8. Qxd2 0-0 9. 0-0-0 Bg4 10. Nxd4 Nxe5 11. f3 Bd7 12. e4 f6 13. Bf4 N7g6 14. Bg3 Qe7 15. Be2 Rad8 16. Qa5 c5 17. Nc2 Nc6 18. Qc3 f5 19. exf5 Bxf5 20. Rhe1 Bxc2 21. Rxd8 Rxd8 22. Bf1 Ba4 23. b3 Qg5+ 24. Kb1 Qf5+ 25. Ka2 Bxb3+ 26. Kxb3 a5 27. Re4 a4+ 28. Kb2 Qg5 29. Qe3 Rd2+ 30. Kc1 Qxe3 31. Rxe3 Ra2 32. Kd1 Nd4 33. Rc3 Ra1+ 34. Rc1 Rxa3 35. Bd6 Ra2 36. Rb1 b6 37. Bc7 Nb3 38. Be2 Kf7 39. Ke1 Ke6 40. g4 Kd7 41. Bg3 Nd4 42. Bd1 Kc6 43. Bf2 Nf4 44. Bg3 Nd3+ 45. Kf1 g5 46. Kg1 Kb7 47. Kf1 h6 48. Kg1 Ka6 49. Kf1 a3 50. Bc7 Rb2 51. Ra1 a2 52. Bd6 Nxf3 53. Bxf3 Rb1+ 54. Ke2 Nc1+ 0-1